000 00363nam a2200145Ia 4500
008 240729s9999 xx 000 0 und d
022 _a2662-8651
245 0 _aMolecular Biomedicine
260 _aSwitzerland
260 _bSpringer
650 _aMedicine
856 _uhttps://doaj.org/toc/51849ba2674c4d2bb0979af719292a31
942 _2ddc
942 _cDOAJEJ
999 _c74269
_d74269
945 _a1
_bMadushi Gamage
_c1
_dMadushi Gamage